000 00356nam a2200145Ia 4500
008 240624s9999 xx 000 0 und d
041 _aeng
082 _a519.5 KOC
100 _aKOCH K R
245 _aINTRODUCTION TO BAYESIAN STATISTICS
250 _a(2nd ed.)
260 _c2007
_aLondon
_bSpringer
300 _axii, 249 p.; 23 cm.
365 _cERU
_b38
999 _c30565
_d30565